[Event "Mästar Elit"]
[Site "Göteborg"]
[Date "2004.07.10"]
[Round "1"]
[White "Ask, Josef"]
[Black "Andreasson, Ingvar"]
[Result "0-1"]
[WhiteElo "2183"]
[BlackElo "2326"]
[Annotator ""]

1.c4 Nf6 2.g3 g6 3.Bg2 Bg7 4.Nc3 O-O 5.d3 c6 6.e4 d6 7.Nge2 a6
8.h3 b5 9.cxb5 axb5 10.b4 Na6 11.Rb1 e5 12.O-O Re8 13.d4 Be6
14.d5 cxd5 15.exd5 Bd7 16.Be3 h5 17.Bg5 Qb8 18.Qd2 Ra7 19.f3
Rc7 20.Ne4 Nxe4 21.fxe4 Qc8 22.Qd3 Rc4 23.Rfc1 Rxc1+ 24.Rxc1
Qb7 25.a3 Nc7 26.Rf1 Ra8 27.Rc1 Ne8 28.Kh2 Bf6 29.Bd2 Bd8 30.Rf1
Nf6 31.Bc1 Nh7 32.Bb2 Bb6 33.Ng1 Ba7 34.Qf3 Rf8 35.Bc1 f6 36.Be3
Rc8 37.Bxa7 Qxa7 38.Qd3 Kg7 39.Ne2 Ng5 40.h4 Nf7 41.Bh3 Nh6 42.Bxd7
Qxd7 43.Rc1 Ng4+ 44.Kg2 Qa7 45.Qf3 Rf8 46.Rc6 f5 47.Rxd6 Rf7 0-1

[Event "Mästar Elit"]
[Site "Göteborg"]
[Date "2004.07.10"]
[Round "1"]
[White "Hultin, Johan"]
[Black "Palmblad, Jan Peter"]
[Result "1/2-1/2"]
[WhiteElo "2295"]
[BlackElo "2160"]
[Annotator ""]

1.d4 d5 2.c4 e6 3.Nc3 c5 4.cxd5 exd5 5.Nf3 Nc6 6.g3 Nf6 7.Bg2
Be7 8.O-O O-O 9.Bg5 cxd4 10.Nxd4 h6 11.Be3 Re8 12.Rc1 Bf8 13.a3
Bg4 14.h3 Be6 15.Nxc6 bxc6 16.Na4 Ne4 17.Nc5 Nxc5 18.Bxc5 Bxc5
19.Rxc5 Qb6 20.Qc1 Bd7 21.e3 a5 22.Rd1 Reb8 23.Rd2 Be8 24.e4
dxe4 25.Bxe4 Rd8 26.Rdc2 Rd6 27.Bxc6 Rad8 28.Bf3 Ba4 29.b3 Bxb3
30.Rc6 Rxc6 31.Rxc6 Qd4 32.Rc8 Be6 33.Rxd8+ Qxd8 34.h4 Qd3 35.Bc6
Bd5 1/2-1/2

[Event "Mästar Elit"]
[Site "Göteborg"]
[Date "2004.07.10"]
[Round "1"]
[White "Johansson, Gunnar"]
[Black "Edlund, Robin"]
[Result "1-0"]
[WhiteElo "2242"]
[BlackElo "2237"]
[Annotator ""]

1.e4 c5 2.Nf3 Nc6 3.c3 Qa5 4.Bd3 Nf6 5.O-O g6 6.Re1 Bg7 7.Bc2
d6 8.h3 Nd7 9.d3 b5 10.Nbd2 Qb6 11.Nf1 b4 12.Ne3 bxc3 13.bxc3
Bxc3 14.Nd5 Qa5 15.Nxc3 Qxc3 16.Rb1 Qg7 17.Ba4 Ncb8 18.d4 O-O
19.dxc5 Nxc5 20.Bb2 Qh6 21.Qd4 f6 22.Qd5+ Be6 23.Qxa8 Nxa4 24.Bc1
Nd7 25.Qxa7 Qh5 26.Qxa4 1-0

[Event "Mästar Elit"]
[Site "Göteborg"]
[Date "2004.07.10"]
[Round "1"]
[White "Kinnmark, Ove"]
[Black "Eriksson, Anders"]
[Result "1/2-1/2"]
[WhiteElo "2340"]
[BlackElo "2317"]
[Annotator ""]

1.e4 c6 2.d4 d5 3.Nc3 dxe4 4.Nxe4 Nd7 5.Nf3 Ngf6 6.Nxf6+ Nxf6
7.Bc4 Bf5 8.O-O e6 9.Qe2 Be7 10.h3 O-O 11.c3 b5 12.Bd3 Bxd3 13.Qxd3
Nd5 14.Re1 a6 15.a4 Nb6 16.axb5 axb5 17.Rxa8 Qxa8 18.Bg5 Bd6
19.Bc1 Be7 20.Bg5 Bd6 1/2-1/2

[Event "Mästar Elit"]
[Site "Göteborg"]
[Date "2004.07.10"]
[Round "1"]
[White "Rylander, Dennis"]
[Black "Nygren, Kim"]
[Result "1/2-1/2"]
[WhiteElo "2325"]
[BlackElo "2249"]
[Annotator ""]

1.d4 d5 2.c4 e6 3.cxd5 exd5 4.Nc3 Nf6 5.Bg5 Be7 6.e3 Nbd7 7.Bd3
Nf8 8.Nge2 Ne6 9.Bh4 c6 10.f3 b6 11.Qc2 Bb7 12.O-O g6 13.a3 O-O
14.Rad1 Nh5 15.Bxe7 Qxe7 16.e4 Qf6 17.Kh1 Rae8 18.f4 c5 19.Nxd5
Bxd5 20.exd5 Nxd4 21.Nxd4 cxd4 22.Qf2 Re3 23.Bb5 Rd8 24.Bc4 Ng7
25.f5 g5 26.Qd2 Re4 27.Qd3 Qe5 28.f6 Nf5 29.Kg1 1/2-1/2

[Event "Mästar Elit"]
[Site "Göteborg"]
[Date "2004.07.10"]
[Round "1"]
[White "Tikkanen, Hans"]
[Black "Malmstig, Erik"]
[Result "1-0"]
[WhiteElo "2354"]
[BlackElo "2250"]
[Annotator ""]

1.d4 Nf6 2.c4 c5 3.d5 b5 4.cxb5 a6 5.b6 e6 6.Nc3 Nxd5 7.Nxd5
exd5 8.Qxd5 Nc6 9.Nf3 Rb8 10.Ne5 Qf6 11.Nxc6 dxc6 12.Qf3 Be7
13.Bd2 Rxb6 14.Bc3 Qxf3 15.exf3 O-O 16.Bc4 Be6 17.Bxe6 fxe6 18.O-O-O
Rb7 19.Rhe1 Kf7 20.Re4 Rfb8 21.Kc2 Bf6 22.b3 Rd8 23.Rxd8 Bxd8
24.Ra4 Ra7 25.Ba5 Ke8 26.Bxd8 Kxd8 27.Ra5 Kc7 28.Rxc5 a5 29.Kc3
Kd6 30.Kd4 Ra8 31.f4 Ra7 32.g3 h6 33.h4 Ra8 34.Re5 Ra7 35.Kc4
Ra8 36.a3 Ra7 37.Re3 Rb7 38.Rd3+ Kc7 39.a4 Rb8 40.Kc5 Rf8 41.Re3
Re8 42.Re5 Rd8 43.Rxe6 Rd5+ 44.Kc4 Rd7 45.Rg6 Kb6 46.f5 Rf7 47.g4 1-0

[Event "Mästar Elit"]
[Site "Göteborg"]
[Date "2004.07.10"]
[Round "1"]
[White "Åström, Göran"]
[Black "Karlsson, Tomas"]
[Result "0-1"]
[WhiteElo "2331"]
[BlackElo "2252"]
[Annotator ""]

1.e4 e6 2.d4 d5 3.Nd2 dxe4 4.Nxe4 Bd7 5.Nf3 Bc6 6.Bd3 Nd7 7.O-O
Ngf6 8.Ng3 Be7 9.Re1 Bxf3 10.Qxf3 c6 11.c3 O-O 12.Bf4 Qb6 13.Re2
Rfe8 14.Rae1 Bf8 15.Bb1 g6 16.h4 Bg7 17.h5 Qa5 18.hxg6 hxg6 19.Ne4
Nxe4 20.Rxe4 Qd8 21.Bg3 Bf6 22.Qg4 Bg7 23.Bh4 Qc7 24.R4e2 Nf6
25.Qf3 Nh7 26.Bg3 Qd8 27.Be5 Qg5 28.Bxg7 Kxg7 29.Re5 Qf6 30.Qxf6+
Nxf6 31.Bd3 Red8 32.Bf1 b6 33.g3 Rd6 34.Bg2 Rc8 35.Bf3 Nd7 36.R5e3
c5 37.dxc5 Nxc5 38.Bd1 Nd3 39.R1e2 Nxb2 40.Bb3 Nc4 41.Rf3 b5
42.Rf4 Rd3 43.Bxc4 Rxc4 44.Rxc4 bxc4 45.Re5 Rd5 46.Re4 Rc5 47.Rd4
Rc7 48.Kg2 g5 49.Kf3 f5 50.Rd6 Kf6 51.Ra6 g4+ 52.Ke3 Rd7 53.Ra4
Rd3+ 54.Ke2 Rxc3 55.Rxa7 Ke5 56.a4 Ke4 57.Ra6 e5 58.Ra5 Rc2+
59.Ke1 Ra2 0-1

[Event "Mästar Elit"]
[Site "Göteborg"]
[Date "2004.07.11"]
[Round "2"]
[White "Andreasson, Ingvar"]
[Black "Johansson, Gunnar"]
[Result "1/2-1/2"]
[WhiteElo "2326"]
[BlackElo "2242"]
[Annotator ""]

1.Nf3 d5 2.g3 g6 3.Bg2 Bg7 4.O-O e5 5.d3 Ne7 6.e4 O-O 7.Nbd2
Nbc6 8.exd5 Nxd5 9.Re1 h6 10.c3 Bf5 11.Nc4 Re8 12.Nh4 Be6 13.Nf3
Bf5 14.Nh4 Be6 15.Nf3 1/2-1/2

[Event "Mästar Elit"]
[Site "Göteborg"]
[Date "2004.07.11"]
[Round "2"]
[White "Eriksson, Anders"]
[Black "Hultin, Johan"]
[Result "1-0"]
[WhiteElo "2317"]
[BlackElo "2295"]
[Annotator ""]

1.Nf3 d5 2.g3 Nf6 3.Bg2 c6 4.O-O Bg4 5.d3 Nbd7 6.Nbd2 e5 7.e4
Bd6 8.h3 Bh5 9.b3 O-O 10.Bb2 Re8 11.Qc1 a5 12.Re1 a4 13.Rb1 a3
14.Ba1 Bxf3 15.Bxf3 d4 16.b4 c5 17.Nc4 Qc7 18.c3 dxc3 19.b5 Nb6
20.Bxc3 Nxc4 21.dxc4 Qe7 22.Bd2 Qe6 23.Bg2 Bc7 24.Rb3 Ba5 25.Bxa5
Rxa5 26.Ree3 Rd8 27.Rxa3 Rxa3 28.Rxa3 h6 29.Qc2 Rd4 30.Bf1 Nxe4
31.Ra8+ Kh7 32.f3 Qg6 33.fxe4 Qxg3+ 34.Qg2 Qe3+ 35.Qf2 Qg5+ 36.Bg2
Rxe4 37.Qxf7 Rf4 38.Qg8+ Kg6 39.Qe6+ Kh7 40.Re8 Rf1+ 41.Kxf1
Qc1+ 42.Ke2 Qc2+ 43.Ke3 Qc3+ 44.Ke4 Qd4+ 45.Kf3 Qd3+ 46.Kg4 Qd4+
47.Kh5 Qd1+ 48.Qg4 g6+ 49.Kh4 Qe1+ 50.Qg3 g5+ 51.Kg4 h5+ 52.Kf3 1-0

[Event "Mästar Elit"]
[Site "Göteborg"]
[Date "2004.07.11"]
[Round "2"]
[White "Karlsson, Tomas"]
[Black "Tikkanen, Hans"]
[Result "0-1"]
[WhiteElo "2252"]
[BlackElo "2354"]
[Annotator ""]

1.e4 g6 2.d4 Bg7 3.Nf3 d6 4.Nc3 a6 5.a4 b6 6.Bd3 Bb7 7.O-O Nd7
8.Ne2 e6 9.c3 Ne7 10.Ng3 h6 11.Re1 O-O 12.Be3 Kh7 13.h3 f5 14.exf5
exf5 15.Bd2 Nf6 16.Nh2 Qd7 17.Qc2 Rae8 18.Nhf1 c5 19.dxc5 dxc5
20.Rad1 Qc6 21.f3 c4 22.Be2 Ned5 23.Bc1 Qc5+ 24.Kh1 Qf2 25.Kh2
f4 26.Nh1 Qh4 27.Bd2 Ne3 28.Nxe3 fxe3 29.Bc1 Nh5 30.g3 Be5 31.Rd7+
Re7 32.f4 Rxf4 33.Rxe7+ Qxe7 34.Bxh5 Rf2+ 35.Nxf2 Bxg3+ 36.Kg1
exf2+ 37.Qxf2 Bxf2+ 38.Kxf2 Qh4+ 0-1

[Event "Mästar Elit"]
[Site "Göteborg"]
[Date "2004.07.11"]
[Round "2"]
[White "Malmstig, Erik"]
[Black "Ask, Josef"]
[Result "1/2-1/2"]
[WhiteElo "2250"]
[BlackElo "2183"]
[Annotator ""]

1.d4 e6 2.e4 d5 3.Nc3 Bb4 4.a3 Bxc3+ 5.bxc3 dxe4 6.Qg4 Nf6 7.Qxg7
Rg8 8.Qh6 Nbd7 9.Nh3 Rg6 10.Qe3 Nb6 11.c4 Bd7 12.Nf4 Rg8 13.a4
a5 14.Qb3 Bc6 15.Bb2 Rg4 16.Ne2 Qe7 17.Nc3 e3 18.fxe3 Ne4 19.Nxe4
Rxe4 20.O-O-O Bxa4 21.Qc3 Bc6 22.Ba3 Qg5 23.Re1 Rg4 24.Be2 Rxg2
25.d5 exd5 26.Bf3 d4 27.Bxc6+ bxc6 28.Qxd4 Qf5 29.e4 Qf4+ 30.Kb1
Rd2 31.Qc5 Qd6 32.e5 Qxc5 33.Bxc5 Nxc4 34.e6 Rb8+ 35.Kc1 fxe6
36.Rxe6+ Kd7 37.Re7+ Kc8 38.Re8+ Kb7 39.Re4 Nd6 40.Bxd6 Rxd6
41.Rh4 h6 42.Re1 Rf8 43.Re2 Rff6 44.Kb2 Kb6 45.Kb3 Rf3+ 46.Kb2 1/2-1/2

[Event "Mästar Elit"]
[Site "Göteborg"]
[Date "2004.07.11"]
[Round "2"]
[White "Nygren, Kim"]
[Black "Edlund, Robin"]
[Result "1/2-1/2"]
[WhiteElo "2249"]
[BlackElo "2237"]
[Annotator ""]

1.Nf3 f5 2.b3 d6 3.Bb2 e5 4.e3 Nf6 5.c4 g6 6.c5 Bg7 7.cxd6 cxd6
8.Bc4 d5 9.Bb5+ Bd7 10.Bxd7+ Nfxd7 11.b4 Nc6 12.Qb3 Nb6 13.Na3
Qe7 14.Nc2 Nc4 15.Bc3 e4 16.Nfd4 N6e5 17.O-O O-O 18.f4 Nd3 19.Rad1
Qf7 20.Ne1 Nxe1 21.Rfxe1 Rfe8 22.Re2 Rac8 1/2-1/2

[Event "Mästar Elit"]
[Site "Göteborg"]
[Date "2004.07.11"]
[Round "2"]
[White "Palmblad, Jan Peter"]
[Black "Åström, Göran"]
[Result "1/2-1/2"]
[WhiteElo "2160"]
[BlackElo "2331"]
[Annotator ""]

1.e4 c5 2.Nf3 e6 3.d4 cxd4 4.Nxd4 a6 5.Bd3 Nf6 6.O-O Qc7 7.Qe2
d6 8.c4 g6 9.Nc3 Bg7 10.Be3 O-O 11.Rac1 b6 12.b4 Nbd7 13.Nb3
Bb7 14.Rfd1 Ne5 15.f3 Rfc8 16.Na4 Nfd7 17.Qf2 Qb8 18.Nxb6 Nxb6
19.Bxb6 d5 20.cxd5 Rxc1 21.Nxc1 exd5 22.exd5 Bxd5 23.Bxg6 Bxf3
24.Bxh7+ Kxh7 25.gxf3 Nxf3+ 26.Qxf3 Qxb6+ 27.Kh1 Re8 28.Qxf7
Qc6+ 29.Kg1 Qb6+ 30.Kg2 Re5 31.Qf4 1/2-1/2

[Event "Mästar Elit"]
[Site "Göteborg"]
[Date "2004.07.11"]
[Round "2"]
[White "Rylander, Dennis"]
[Black "Kinnmark, Ove"]
[Result "1-0"]
[WhiteElo "2325"]
[BlackElo "2340"]
[Annotator ""]

1.d4 Nf6 2.c4 e6 3.Nc3 Bb4 4.Qc2 d6 5.Bg5 Nbd7 6.e3 Qe7 7.Bd3
e5 8.O-O-O Bxc3 9.Qxc3 c5 10.f4 e4 11.Bc2 Nb6 12.h3 Bd7 13.Ne2
Rc8 14.d5 h6 15.Bh4 Rg8 16.g4 Nfxd5 17.Bxe7 Nxc3 18.Nxc3 Kxe7
19.b3 Bc6 20.Bxe4 Bxe4 21.Nxe4 Rgd8 22.Nc3 a6 23.Rd2 Rc6 24.Rhd1
Kd7 25.e4 Kc7 26.e5 Rd7 27.a4 Nc8 28.f5 Rd8 29.Nd5+ Kb8 30.e6
fxe6 31.fxe6 Re8 32.Re1 Ne7 33.Rf2 Rcc8 34.Rf7 Nc6 35.e7 Ne5
36.Rxg7 Nd3+ 37.Kd2 Nxe1 38.Kxe1 Rc7 39.Rf7 Kc8 40.Rf8 Kb8 1-0

[Event "Mästar Elit"]
[Site "Göteborg"]
[Date "2004.07.12"]
[Round "3"]
[White "Ask, Josef"]
[Black "Karlsson, Tomas"]
[Result "1-0"]
[WhiteElo "2183"]
[BlackElo "2252"]
[Annotator ""]

1.c4 Nf6 2.g3 g6 3.Bg2 d5 4.cxd5 Nxd5 5.Nc3 Nb6 6.d3 Bg7 7.Be3
O-O 8.Qd2 Re8 9.Bh6 Bh8 10.h4 Nc6 11.Bxc6 bxc6 12.Rc1 Be6 13.Nf3
c5 14.b3 Bg4 15.Ng5 Nd5 16.Na4 Bd7 17.Nxc5 a5 18.a4 c6 19.h5
Nf6 20.hxg6 fxg6 21.Qf4 Bc8 22.e4 e5 23.Qd2 Bg7 24.Bxg7 Kxg7
25.Nxh7 Nh5 26.Ng5 Qf6 27.Qe3 Rf8 28.Rh2 Rh8 29.Kd2 Bg4 30.Rch1
Nf4 31.gxf4 exf4 32.Qd4 Rxh2 33.Rxh2 1-0

[Event "Mästar Elit"]
[Site "Göteborg"]
[Date "2004.07.12"]
[Round "3"]
[White "Edlund, Robin"]
[Black "Andreasson, Ingvar"]
[Result "1/2-1/2"]
[WhiteElo "2237"]
[BlackElo "2326"]
[Annotator ""]

1.e4 e6 2.d4 d5 3.Nc3 Bb4 4.e5 b6 5.a3 Bf8 6.Bb5+ Bd7 7.Bd3 c5
8.Nf3 Nc6 9.dxc5 bxc5 10.O-O c4 11.Be2 Nge7 12.Bf4 Ng6 13.Bg3
Be7 14.Re1 O-O 15.b3 cxb3 16.cxb3 a5 17.Bd3 Rc8 18.Nb5 Qb6 19.Nd6
Rb8 20.Rb1 Ncxe5 21.Nxe5 Nxe5 22.Bxe5 Bxd6 23.Bxh7+ Kxh7 24.Qh5+
Kg8 25.Bxg7 Kxg7 26.Qg5+ Kh7 27.Qh5+ Kg7 28.Qg5+ Kh7 1/2-1/2

[Event "Mästar Elit"]
[Site "Göteborg"]
[Date "2004.07.12"]
[Round "3"]
[White "Hultin, Johan"]
[Black "Rylander, Dennis"]
[Result "1/2-1/2"]
[WhiteElo "2295"]
[BlackElo "2325"]
[Annotator ""]

1.Nf3 f5 2.g3 Nf6 3.Bg2 g6 4.d4 Bg7 5.c3 c6 6.Qb3 Qb6 7.Nbd2
Qxb3 8.axb3 Na6 9.O-O Nc7 10.Re1 d6 11.e4 fxe4 12.Nxe4 Nxe4 13.Rxe4
Bf5 14.Re1 Bf6 15.Bg5 Kf7 16.Bxf6 exf6 17.Nd2 d5 18.b4 Nb5 19.Bf1
Nd6 20.f3 a6 21.g4 Bd7 22.Re3 Rae8 23.Rxe8 Rxe8 24.Kf2 h5 25.h3
g5 26.Bd3 f5 27.Rg1 Kf6 28.gxh5 Rh8 29.h4 gxh4 30.Rg6+ Ke7 31.Rg7+
Nf7 32.f4 Rxh5 33.Be2 Rh8 34.Nf3 Kf6 35.Rg1 Nd6 36.Rh1 Ne4+ 37.Ke1
h3 38.Bf1 h2 39.Rxh2 Rxh2 40.Nxh2 Be8 41.Be2 Ke6 42.Nf1 Nf6 43.Ng3
Bg6 44.Kf2 Nd7 45.Bd1 Nb6 46.Bb3 Nc8 47.Bd1 Nb6 48.Bb3 Nc8 49.Ne2
Nd6 50.Nc1 Ne4+ 51.Ke3 Bh5 52.Nd3 Nd6 53.Nc5+ Ke7 54.Bc2 Be8
55.Bd3 Bd7 56.Kf3 Bc8 57.Kg3 Kf6 58.Kh4 Kg6 59.Be2 1/2-1/2

[Event "Mästar Elit"]
[Site "Göteborg"]
[Date "2004.07.12"]
[Round "3"]
[White "Johansson, Gunnar"]
[Black "Malmstig, Erik"]
[Result "1-0"]
[WhiteElo "2242"]
[BlackElo "2250"]
[Annotator ""]

1.e4 d6 2.d4 Nf6 3.Nc3 g6 4.Bg5 h6 5.Bh4 Bg7 6.Qd2 a6 7.f4 b5
8.Bd3 Bb7 9.e5 b4 10.exf6 bxc3 11.Qe2 cxb2 12.Rb1 Bf8 13.Rxb2
Bc6 14.c4 d5 15.c5 Rg8 16.Nf3 Nd7 17.O-O e6 18.Bxa6 Rb8 19.Rfb1
Rxb2 20.Qxb2 g5 21.fxg5 hxg5 22.Bxg5 e5 23.Bb5 Bxb5 24.Qxb5 Rxg5
25.Nxg5 Qxf6 26.Nh7 Qh6 27.Nxf8 Qxf8 28.Qb8+ Nxb8 29.Rxb8+ Ke7
30.Rxf8 Kxf8 31.dxe5 Ke7 32.Kf2 Ke6 33.a4 d4 34.a5 Kd5 35.a6 1-0

[Event "Mästar Elit"]
[Site "Göteborg"]
[Date "2004.07.12"]
[Round "3"]
[White "Kinnmark, Ove"]
[Black "Nygren, Kim"]
[Result "1-0"]
[WhiteElo "2340"]
[BlackElo "2249"]
[Annotator ""]

1.e4 Nf6 2.e5 Nd5 3.d4 d6 4.c4 Nb6 5.exd6 cxd6 6.h3 g6 7.Nf3
Bg7 8.Be2 O-O 9.O-O Nc6 10.Nc3 Bf5 11.Bg5 Re8 12.b3 Qd7 13.Rc1
d5 14.c5 Nc8 15.Bb5 f6 16.Be3 Be6 17.Qd2 Bf7 18.b4 e5 19.Ba4
e4 20.Nh2 a6 21.Rb1 N8e7 22.Rb2 Nf5 23.Rfb1 Nh4 24.b5 axb5 25.Rxb5
Rxa4 26.Nxa4 Nd8 27.Ra5 Qf5 28.Nc3 h5 29.Qe2 g5 30.Ra8 Kh7 31.Rb6
Rg8 32.Rd6 Nc6 33.Rxg8 Kxg8 34.g4 Qg6 35.Nxd5 Nf3+ 36.Nxf3 exf3
37.Qxf3 Qb1+ 38.Kh2 Bg6 39.Nxf6+ Bxf6 40.Rxf6 Ne7 41.Rf8+ 1-0

[Event "Mästar Elit"]
[Site "Göteborg"]
[Date "2004.07.12"]
[Round "3"]
[White "Tikkanen, Hans"]
[Black "Palmblad, Jan Peter"]
[Result "1-0"]
[WhiteElo "2354"]
[BlackElo "2160"]
[Annotator ""]

1.d4 Nf6 2.c4 g6 3.Nc3 d5 4.Nf3 Bg7 5.Bg5 Ne4 6.cxd5 Nxg5 7.Nxg5
e6 8.Qd2 h6 9.Nf3 exd5 10.b4 c6 11.e3 O-O 12.Bd3 Qd6 13.Rb1 Bg4
14.Be2 Bf5 15.Rb2 Nd7 16.O-O Nf6 17.Ne5 h5 18.f4 Ne4 19.Nxe4
Bxe4 20.Bd3 f5 21.Qe1 Bxe5 22.fxe5 Qe6 23.Bxe4 dxe4 24.Qh4 Rf7
25.Qg5 Kg7 26.h3 Re8 27.g4 Qe7 28.Qxe7 Rexe7 29.gxh5 g5 30.Rbf2
Kh6 31.Rxf5 Rxf5 32.Rxf5 Kxh5 33.Kg2 Kg6 34.Rf6+ Kg7 35.Kg3 a5
36.a3 axb4 37.axb4 Rd7 38.Kg4 Rd5 39.Rd6 Rb5 40.Kxg5 Rxb4 41.Rd7+ 1-0

[Event "Mästar Elit"]
[Site "Göteborg"]
[Date "2004.07.12"]
[Round "3"]
[White "Åström, Göran"]
[Black "Eriksson, Anders"]
[Result "1/2-1/2"]
[WhiteElo "2331"]
[BlackElo "2317"]
[Annotator ""]

1.e4 c6 2.d4 d5 3.Nd2 dxe4 4.Nxe4 Nd7 5.Ng5 Ngf6 6.Bd3 e6 7.N1f3
Bd6 8.Qe2 h6 9.Ne4 Nxe4 10.Qxe4 Nf6 11.Qe2 b6 12.Bd2 Bb7 13.O-O-O
Qc7 14.Kb1 O-O-O 15.c4 c5 16.Bc3 Rhe8 17.Bc2 Nh5 18.dxc5 bxc5
19.g3 f5 20.Rhe1 Nf6 21.Ka1 Ne4 22.Bxe4 Bxe4 23.Nd2 Ba8 24.Nf3
Be4 25.Nd2 Ba8 26.f4 Qb7 27.Rf1 Bf8 28.Nf3 Rxd1+ 29.Qxd1 Rd8
30.Qe1 Qe4 31.Ne5 Qxe1+ 32.Rxe1 Be7 33.Nf7 Rf8 34.Ne5 Rd8 35.Nf7
Rf8 36.Ne5 Rd8 37.Nf7 1/2-1/2

[Event "Mästar Elit"]
[Site "Göteborg"]
[Date "2004.07.13"]
[Round "4"]
[White "Karlsson, Tomas"]
[Black "Johansson, Gunnar"]
[Result "1/2-1/2"]
[WhiteElo "2252"]
[BlackElo "2242"]
[Annotator ""]

1.e4 c5 2.Nf3 d6 3.d4 cxd4 4.Nxd4 Nf6 5.Nc3 Nc6 6.Bg5 e6 7.Qd2
a6 8.O-O-O h6 9.Be3 Bd7 10.f4 b5 11.Bd3 Qc7 12.Rhe1 b4 13.Nce2
Qb7 14.Bg1 a5 15.Qe3 a4 16.Nxc6 Bxc6 17.Nd4 Bd7 18.Bc4 Be7 19.Kb1
O-O 20.e5 dxe5 21.fxe5 Nd5 22.Bxd5 exd5 23.e6 fxe6 1/2-1/2

[Event "Mästar Elit"]
[Site "Göteborg"]
[Date "2004.07.13"]
[Round "4"]
[White "Kinnmark, Ove"]
[Black "Hultin, Johan"]
[Result "1/2-1/2"]
[WhiteElo "2340"]
[BlackElo "2295"]
[Annotator ""]

1.e4 c5 2.Nf3 d6 3.c3 Nf6 4.h3 Nc6 5.d3 g6 6.Be2 Bg7 7.O-O O-O
8.Re1 e5 9.Bf1 Re8 10.Be3 b6 1/2-1/2

[Event "Mästar Elit"]
[Site "Göteborg"]
[Date "2004.07.13"]
[Round "4"]
[White "Malmstig, Erik"]
[Black "Edlund, Robin"]
[Result "1-0"]
[WhiteElo "2250"]
[BlackElo "2237"]
[Annotator ""]

1.d4 Nf6 2.Bg5 c5 3.Bxf6 gxf6 4.d5 Qb6 5.Qc1 f5 6.g3 Bg7 7.c3
e5 8.Nd2 d6 9.Qc2 Qd8 10.a4 O-O 11.Bh3 Qf6 12.Ngf3 e4 13.Nh4
Na6 14.Nc4 Bh6 15.e3 Bg5 16.Bf1 Nc7 17.Qd2 Bxh4 18.gxh4 Bd7 19.Be2
Kh8 20.Rg1 b6 21.Rg3 Bxa4 22.Nxd6 Qxd6 23.Rxa4 Qxd5 24.Qxd5 Nxd5
25.Rg5 Ne7 26.f3 a6 27.fxe4 b5 28.Ra1 h6 29.Rg1 fxe4 30.Kf2 Rfd8
31.Rgd1 Kg7 32.Kg3 c4 33.Kf4 Ng6+ 34.Kxe4 Re8+ 35.Kf3 Nxh4+ 36.Kf2
Nf5 37.Bf3 Ra7 38.Bc6 Ree7 39.e4 Nh4 40.Ke3 Ng6 41.Kd4 Ne5 42.Bd5
Nd7 43.Rg1+ Kh7 44.Rgf1 Nb6 45.Rf6 Na4 46.e5 Red7 47.Rd6 Kg7
48.Rg1+ Kf8 49.Bc6 Ke7 50.Bxd7 Rxd7 51.Rxd7+ Kxd7 52.Rg2 Ke6
53.Rf2 Ke7 1-0

[Event "Mästar Elit"]
[Site "Göteborg"]
[Date "2004.07.13"]
[Round "4"]
[White "Nygren, Kim"]
[Black "Andreasson, Ingvar"]
[Result "1/2-1/2"]
[WhiteElo "2249"]
[BlackElo "2326"]
[Annotator ""]

1.e4 c5 2.Nf3 Nc6 3.d4 cxd4 4.Nxd4 g6 5.c4 Bg7 6.Be3 Nf6 7.Nc3
d6 8.Be2 O-O 9.Nc2 Nd7 10.O-O Nc5 11.f3 f5 12.Qd2 a5 13.Rab1
Be6 14.b3 f4 15.Bf2 g5 16.Nb5 Ne5 17.Ncd4 Bd7 18.g4 fxg3 19.hxg3
g4 20.f4 Nxe4 21.Qe3 Nxf2 22.Rxf2 Nf3+ 23.Bxf3 gxf3 24.Ne6 Bxe6
25.Qxe6+ Rf7 26.Rxf3 a4 27.b4 Qc8 28.Re3 Qxe6 29.Rxe6 Rc8 30.Rc1
Kf8 31.Rc2 Rf5 32.Ree2 h5 33.Kg2 h4 1/2-1/2

[Event "Mästar Elit"]
[Site "Göteborg"]
[Date "2004.07.13"]
[Round "4"]
[White "Palmblad, Jan Peter"]
[Black "Ask, Josef"]
[Result "0-1"]
[WhiteElo "2160"]
[BlackElo "2183"]
[Annotator ""]

1.e4 e5 2.Nf3 Nc6 3.d4 exd4 4.Nxd4 Bb4+ 5.c3 Be7 6.Bc4 Nf6 7.Nxc6
bxc6 8.e5 Nd5 9.Bxd5 cxd5 10.Qxd5 Ba6 11.c4 c6 12.Qd4 Qb6 13.Qxb6
axb6 14.b3 d5 15.exd6 Bf6 16.Be3 c5 17.Nd2 Bxa1 18.Ke2 Be5 19.Ne4
Bb7 20.d7+ Kxd7 0-1

[Event "Mästar Elit"]
[Site "Göteborg"]
[Date "2004.07.13"]
[Round "4"]
[White "Rylander, Dennis"]
[Black "Åström, Göran"]
[Result "1/2-1/2"]
[WhiteElo "2325"]
[BlackElo "2331"]
[Annotator ""]

1.d4 Nf6 2.c4 e6 3.Nc3 Bb4 4.Qc2 O-O 5.Bg5 c5 6.e3 cxd4 7.exd4
d5 8.Nf3 b6 9.Bd3 h6 10.Bh4 Bb7 11.a3 Be7 12.Bxf6 Bxf6 13.cxd5
exd5 14.O-O Nc6 15.Rfd1 Re8 16.Rac1 Rc8 17.Bf5 Rc7 18.Qa4 g6
19.Bd3 Ree7 20.h3 Kg7 21.Ba6 Bxa6 22.Qxa6 Na5 23.Nb5 Rc4 24.b4
Rxc1 25.Rxc1 Nc4 26.Nc3 Rc7 27.Qa4 Nd6 28.Ne2 Rxc1+ 29.Nxc1 Qc7
30.Ne2 Qc4 31.Qd1 Nb5 32.a4 Nc3 33.Nxc3 Qxc3 34.b5 Qc4 35.Qa1
h5 36.h4 Qd3 37.Kh1 Qe4 38.a5 Bxh4 39.axb6 axb6 40.Nxh4 Qxh4+
41.Kg1 Qe4 42.Qd1 Qe8 43.Qf1 Qe7 44.Qb1 Qe2 45.Qb3 Qc4 46.Qb2
h4 47.Kh2 Qf1 48.Qd2 Qxb5 49.Qe3 Qc6 50.Qe5+ Qf6 51.Qxd5 Qxf2
52.Qe5+ Qf6 53.Qe4 Qf5 54.Qe3 Qg4 55.Qe5+ Kh7 56.Qf6 Qg3+ 57.Kh1
Kg8 58.Qxb6 h3 59.gxh3 Qxh3+ 60.Kg1 Qg3+ 61.Kf1 g5 62.Qf6 Qe3
63.Qf5 Kg7 64.d5 f6 65.Qd7+ Kg6 66.d6 Qf3+ 67.Ke1 Qe4+ 68.Kd2
g4 69.Qd8 Qd5+ 70.Kc2 Qc4+ 1/2-1/2

[Event "Mästar Elit"]
[Site "Göteborg"]
[Date "2004.07.14"]
[Round "5"]
[White "Andreasson, Ingvar"]
[Black "Malmstig, Erik"]
[Result "1-0"]
[WhiteElo "2326"]
[BlackElo "2250"]
[Annotator ""]

1.e4 d6 2.d4 Nf6 3.Nc3 e5 4.Nf3 Nbd7 5.g3 Be7 6.Bg2 O-O 7.O-O
c6 8.a4 b6 9.b3 Bb7 10.Ba3 Re8 11.a5 Bf8 12.Re1 bxa5 13.dxe5
Nxe5 14.Nxe5 Rxe5 15.Bb2 Re8 16.Qd4 Re5 17.h3 Nd7 18.Kh2 h5 19.f4
Re6 20.Qd2 h4 21.g4 Nf6 22.g5 Nh5 23.Ne2 d5 24.e5 Bb4 25.c3 Bc5
26.Bf3 Ng3 27.Nxg3 hxg3+ 28.Kxg3 Re8 29.b4 Bb6 30.h4 axb4 31.cxb4
a5 32.Bd4 Bc7 33.h5 Bc8 34.Rh1 Bf5 35.h6 Re6 36.hxg7 Kxg7 37.Qh2
axb4 38.Bg4 Rxa1 39.Bxa1 Bxg4 40.Kxg4 d4 41.Bxd4 Rg6 42.e6+ Kf8
43.Qh8+ Rg8 44.Qxg8+ 1-0

[Event "Mästar Elit"]
[Site "Göteborg"]
[Date "2004.07.14"]
[Round "5"]
[White "Ask, Josef"]
[Black "Eriksson, Anders"]
[Result "0-1"]
[WhiteElo "2183"]
[BlackElo "2317"]
[Annotator ""]

1.c4 Nf6 2.g3 c5 3.Bg2 e6 4.e4 d5 5.e5 Nfd7 6.Nf3 dxc4 7.O-O
Nc6 8.Re1 Rb8 9.a4 Na5 10.d3 Nb6 11.Ra3 Be7 12.Bd2 Nc6 13.a5
Nd5 14.dxc4 Ndb4 15.h4 Nxa5 16.Qe2 Nac6 17.Bf4 O-O 18.h5 b6 19.h6
g6 20.Rd1 Qc7 21.Nc3 Rd8 22.Nb5 Rxd1+ 23.Qxd1 Qd7 24.Nd6 Bxd6
25.exd6 f6 26.Bh3 Rb7 27.Re3 Qe8 28.Qe2 Nd8 29.Re4 Nbc6 30.Bd2
Rf7 31.Bc3 Qf8 32.Qd2 Bd7 33.Qe2 Qxd6 34.g4 e5 35.Kg2 Ne6 36.g5
f5 37.Bxe5 fxe4 0-1

[Event "Mästar Elit"]
[Site "Göteborg"]
[Date "2004.07.14"]
[Round "5"]
[White "Edlund, Robin"]
[Black "Karlsson, Tomas"]
[Result "0-1"]
[WhiteElo "2237"]
[BlackElo "2252"]
[Annotator ""]

1.e4 e6 2.d4 d5 3.Nc3 Bb4 4.e5 c5 5.a3 Bxc3+ 6.bxc3 Ne7 7.Nf3
Nbc6 8.a4 Qa5 9.Bd2 Bd7 10.Be2 c4 11.Ng5 h6 12.Nh3 O-O-O 13.O-O
f6 14.f4 Rdf8 15.Bg4 Nd8 16.Qe1 f5 17.Bf3 Bxa4 18.Bc1 b5 19.Ba3
Ndc6 20.Qd2 Kd7 21.Kh1 Qd8 22.Nf2 Rfg8 23.Rfb1 Nc8 24.Bc5 Nb6
25.Rg1 g6 26.g4 Ne7 27.Rg2 Qf8 28.Rag1 Nbc8 29.Nd1 g5 30.gxf5
Qxf5 31.Bg4 Qxf4 32.Ne3 Qe4 33.Re1 Qg6 34.Qc1 h5 35.Qa3 Nc6 36.Nxd5
hxg4 37.Nf6+ Kc7 38.d5 exd5 39.Bd6+ Kb7 40.Rb1 Nb6 41.Nxg8 Rxg8
42.Rf1 Bxc2 43.Rf6 Qe4 44.Rf7+ Ka8 45.Bc5 Na4 46.Bf2 Qxe5 47.Bg3
Qe8 48.Rgf2 Be4+ 49.Kg1 Bf3 50.Rc7 Rg6 51.Ra2 Re6 0-1

[Event "Mästar Elit"]
[Site "Göteborg"]
[Date "2004.07.14"]
[Round "5"]
[White "Hultin, Johan"]
[Black "Nygren, Kim"]
[Result "1/2-1/2"]
[WhiteElo "2295"]
[BlackElo "2249"]
[Annotator ""]

1.d4 Nf6 2.c4 c5 3.d5 e6 4.Nc3 exd5 5.cxd5 d6 6.Nf3 g6 7.Nd2
Bg7 8.e4 O-O 9.Be2 Re8 10.O-O b6 11.Re1 Ba6 12.Bxa6 Nxa6 13.f3
Nc7 14.a4 Nh5 15.g3 Bd4+ 16.Kg2 f5 17.Nc4 Qf6 18.Ne2 fxe4 19.Nxd4
Qxd4 20.Qxd4 exf3+ 21.Kxf3 cxd4 22.Bd2 Nxd5 23.Rxe8+ Rxe8 24.Nxd6
Rf8+ 25.Ke4 Rf2 26.Bg5 Ndf6+ 27.Kxd4 Rxb2 28.Rc1 Rb4+ 29.Kd3
Rb3+ 30.Kd4 Rb4+ 31.Kd3 Rb3+ 32.Kd2 Rb2+ 33.Kd1 Ng4 34.Rc8+ Kg7
35.Rc7+ Kg8 36.Rc8+ Kg7 37.Rc7+ 1/2-1/2

[Event "Mästar Elit"]
[Site "Göteborg"]
[Date "2004.07.14"]
[Round "5"]
[White "Johansson, Gunnar"]
[Black "Palmblad, Jan Peter"]
[Result "1/2-1/2"]
[WhiteElo "2242"]
[BlackElo "2160"]
[Annotator ""]

1.e4 c5 2.Nf3 Nc6 3.c3 e6 4.d4 d5 5.exd5 exd5 6.Bb5 Bd6 7.dxc5
Bxc5 8.O-O Nge7 9.Nbd2 O-O 10.Nb3 Bb6 11.Re1 Bg4 12.Be2 Qd6 13.Nfd4
Bxe2 14.Rxe2 Ng6 1/2-1/2

[Event "Mästar Elit"]
[Site "Göteborg"]
[Date "2004.07.14"]
[Round "5"]
[White "Tikkanen, Hans"]
[Black "Rylander, Dennis"]
[Result "1/2-1/2"]
[WhiteElo "2354"]
[BlackElo "2325"]
[Annotator ""]

1.d4 d5 2.c4 c6 3.Nf3 Nf6 4.e3 e6 5.Bd3 Nbd7 6.O-O Be7 7.Nc3
dxc4 8.Bxc4 b5 9.Bd3 a6 10.e4 c5 11.d5 e5 12.d6 Bxd6 13.Bxb5
axb5 14.Qxd6 Ra6 15.Qd3 c4 16.Qe2 Qb6 17.a4 b4 18.Qxc4 O-O 19.Be3
Qb7 20.Nd5 Nxd5 21.exd5 Re8 22.Rfd1 Nf6 23.d6 Bg4 24.Qb5 Qa8
25.h3 Bd7 26.Qxb4 Bxa4 27.b3 Bc6 28.Rxa6 1/2-1/2